MARC

LEADER 00000nam0a2200000 4500
001 358083
005 20231102011046.0
035 |a (RuTPU)RU\TPU\retro\15351 
090 |a 358083 
100 |a 20200812d1978 km y0rusy50 ca 
101 1 |a rus  |c eng 
102 |a RU 
105 |a a z 001zy 
200 1 |a Пространственная симметрия и оптические свойства твердых тел  |e пер. с англ.  |h Т. 2  |f Дж. Бирман 
210 |a Москва  |c Мир  |d 1978 
215 |a 352 с.  |c ил. 
320 |a Библиогр.: с. 349-350 
606 1 |a Кристаллы  |x Оптические свойства  |2 stltpush  |3 (RuTPU)RU\TPU\subj\16354  |9 42444 
606 1 |a Кристаллы  |x Пространственные группы симметрии  |2 stltpush  |3 (RuTPU)RU\TPU\subj\80344  |9 88069 
610 1 |a излучение 
610 1 |a взаимодействие с веществом 
610 1 |a инфракрасное поглощение 
610 1 |a комбинаторное рассеяние 
610 1 |a фотоны 
610 1 |a пространственные группы 
610 1 |a алмазы 
610 1 |a каменная соль 
610 1 |a поляризационные эффекты 
675 |a 548.0:535  |v 4 
675 |a 548.71  |v 4 
700 1 |a Бирман  |b Дж. 
801 1 |a RU  |b 63413507  |c 20200812 
801 2 |a RU  |b 63413507  |c 20210218  |g RCR 
942 |c BK